| 000 | 00925cam a2200325 4500 | ||
|---|---|---|---|
| 001 | ABS65696 | ||
| 008 | 020716n2002 000 0 eng u | ||
| 035 | _a(Sirsi) u118863 | ||
| 245 | _aFocus 2002: Lancashire and Cumbria | ||
| 260 | _c2002 | ||
| 490 |
_aEstates Gazette _v(0227) 6 July 2002, 85-111(14) |
||
| 590 | _aABS | ||
| 650 | _aLANCASHIRE | ||
| 650 | _aPRESTON | ||
| 650 | _aBURNLEY | ||
| 650 | _aCARLISLE | ||
| 650 | _aCUMBRIA | ||
| 650 | _aCOASTAL TOWNS | ||
| 650 | _aLEISURE MARKET | ||
| 650 | _aSOUTHPORT | ||
| 650 | _aPROPERTY-COMMERCIAL PROPERTY-RETAIL PROPERTY-RETAIL PROPERTY MARKET | ||
| 650 | _aDEVELOPMENT | ||
| 650 | _aBNP | ||
| 650 | _aPROPERTY-COMMERCIAL PROPERTY-OFFICE PROPERTY-OFFICE PROPERTY MARKET | ||
| 650 | _aINDUSTRIAL MARKET | ||
| 650 | _aMORECAMBE | ||
| 650 | _aBUSINESS PARKS | ||
| 690 | _aPROPERTY-COMMERCIAL PROPERTY-COMMERCIAL PROPERTY MARKET | ||
| 942 | _n0 | ||
| 999 |
_c70745 _d70745 |
||